World Capital Bullseye #4 - Statistics

General Stats
  • This quiz has been taken 161 times
  • The average score is 26 of 32
Answer Stats
Capital City % Correct
Berlin
97%
Moscow
96%
Rome
93%
Vienna
93%
Warsaw
92%
Prague
90%
Kiev
89%
Bucharest
88%
Minsk
87%
Sofia
87%
Bern
86%
Bratislava
85%
Ljubljana
85%
Riga
84%
Zagreb
84%
Belgrade
83%
BUDAPEST
83%
Copenhagen
83%
Tallinn
83%
Vaduz
83%
Vilnius
81%
San Marino
80%
Chisinau
77%
Pristina
75%
Stockholm
75%
Ankara
74%
Sarajevo
74%
Podgorica
71%
Luxembourg
66%
Tbilisi
62%
Yerevan
61%
Nicosia
56%
No matching quizzes found
Score Distribution
Percent of People with Each Score
Percentile by Number Answered
Your Score History
You have not taken this quiz